000 00602cam a22001577a 4500
008 180718b2004 xxu||||| |||| 00| 0 eng d
100 _aJavorcik, Beata S.
245 _aDoest it matter where you come from?: vertical spillovers from foreign direct investment and the nationality of investors
_cby Beata S. Javorcik, Kamal Saggi and Mariana Spartareanu
260 _aWashington, D.C.
_bWorld Bank
_c2004
300 _a22p.
440 _aPolicy research working paper; no. 3449
650 _aForeign direct investment
650 _aInvestors
700 _aSpatareanu, Mariana
700 _aSaggi, Kamal
999 _c291636
_d291636